<?xml version="1.0" encoding="UTF-8"?>
<record
    xmlns:xsi="http://www.w3.org/2001/XMLSchema-instance"
    xsi:schemaLocation="http://www.loc.gov/MARC21/slim http://www.loc.gov/standards/marcxml/schema/MARC21slim.xsd"
    xmlns="http://www.loc.gov/MARC21/slim">

  <leader>00455nam a22001457a 4500</leader>
  <controlfield tag="005">20260415094004.0</controlfield>
  <controlfield tag="008">260331b        |||||||| |||| 00| 0 eng d</controlfield>
  <datafield tag="020" ind1=" " ind2=" ">
    <subfield code="a">978-93-90020-71-3</subfield>
  </datafield>
  <datafield tag="050" ind1=" " ind2=" ">
    <subfield code="a">R 119 .H69 2021</subfield>
  </datafield>
  <datafield tag="100" ind1=" " ind2=" ">
    <subfield code="a">PIYUSH GUPTA</subfield>
  </datafield>
  <datafield tag="245" ind1=" " ind2=" ">
    <subfield code="a">HOW TO WRITE THESIS AND THESIS PROTOCOL: A PRIMER FOR MEDICAL, DENTAL, AND NURSING COURSES</subfield>
  </datafield>
  <datafield tag="260" ind1=" " ind2=" ">
    <subfield code="a">NEW DELHI</subfield>
    <subfield code="b">JAYPEE BROTHERS MEDICAL PUBLISHERS</subfield>
    <subfield code="c">2021</subfield>
  </datafield>
  <datafield tag="300" ind1=" " ind2=" ">
    <subfield code="a">X,218</subfield>
  </datafield>
  <datafield tag="942" ind1=" " ind2=" ">
    <subfield code="2">lcc</subfield>
    <subfield code="c">BK</subfield>
  </datafield>
  <datafield tag="999" ind1=" " ind2=" ">
    <subfield code="c">216904</subfield>
    <subfield code="d">216904</subfield>
  </datafield>
  <datafield tag="952" ind1=" " ind2=" ">
    <subfield code="0">0</subfield>
    <subfield code="1">0</subfield>
    <subfield code="2">lcc</subfield>
    <subfield code="4">0</subfield>
    <subfield code="6">R0119 H69  02021</subfield>
    <subfield code="7">0</subfield>
    <subfield code="8">ARTS</subfield>
    <subfield code="9">376599</subfield>
    <subfield code="a">KSUL</subfield>
    <subfield code="b">KSUL</subfield>
    <subfield code="c">DISPLAY</subfield>
    <subfield code="d">2026-03-31</subfield>
    <subfield code="i">112748</subfield>
    <subfield code="l">0</subfield>
    <subfield code="o">R 119 .H69 2021</subfield>
    <subfield code="p">A000060</subfield>
    <subfield code="r">2026-03-31 15:11:00</subfield>
    <subfield code="t">C.1</subfield>
    <subfield code="w">2026-03-31</subfield>
    <subfield code="y">BK</subfield>
  </datafield>
  <datafield tag="952" ind1=" " ind2=" ">
    <subfield code="0">0</subfield>
    <subfield code="1">0</subfield>
    <subfield code="2">lcc</subfield>
    <subfield code="4">0</subfield>
    <subfield code="6">R0119 H69  02021</subfield>
    <subfield code="7">0</subfield>
    <subfield code="8">ARTS</subfield>
    <subfield code="9">376600</subfield>
    <subfield code="a">KSUL</subfield>
    <subfield code="b">KSUL</subfield>
    <subfield code="c">DISPLAY</subfield>
    <subfield code="d">2026-03-31</subfield>
    <subfield code="i">112882</subfield>
    <subfield code="l">0</subfield>
    <subfield code="o">R 119 .H69 2021</subfield>
    <subfield code="p">A000061</subfield>
    <subfield code="r">2026-03-31 15:11:00</subfield>
    <subfield code="t">C.2</subfield>
    <subfield code="w">2026-03-31</subfield>
    <subfield code="y">BK</subfield>
  </datafield>
  <datafield tag="952" ind1=" " ind2=" ">
    <subfield code="0">0</subfield>
    <subfield code="1">0</subfield>
    <subfield code="2">lcc</subfield>
    <subfield code="4">0</subfield>
    <subfield code="6">R0119 H69  02021</subfield>
    <subfield code="7">0</subfield>
    <subfield code="8">ARTS</subfield>
    <subfield code="9">376601</subfield>
    <subfield code="a">KSUL</subfield>
    <subfield code="b">KSUL</subfield>
    <subfield code="c">DISPLAY</subfield>
    <subfield code="d">2026-03-31</subfield>
    <subfield code="i">112883</subfield>
    <subfield code="l">0</subfield>
    <subfield code="o">R 119 .H69 2021</subfield>
    <subfield code="p">A000062</subfield>
    <subfield code="r">2026-03-31 15:11:00</subfield>
    <subfield code="t">C.3</subfield>
    <subfield code="w">2026-03-31</subfield>
    <subfield code="y">BK</subfield>
  </datafield>
  <datafield tag="952" ind1=" " ind2=" ">
    <subfield code="0">0</subfield>
    <subfield code="1">0</subfield>
    <subfield code="2">lcc</subfield>
    <subfield code="4">0</subfield>
    <subfield code="6">R0119 H69  02021</subfield>
    <subfield code="7">0</subfield>
    <subfield code="8">ARTS</subfield>
    <subfield code="9">376602</subfield>
    <subfield code="a">KSUL</subfield>
    <subfield code="b">KSUL</subfield>
    <subfield code="c">DISPLAY</subfield>
    <subfield code="d">2026-03-31</subfield>
    <subfield code="i">112884</subfield>
    <subfield code="l">0</subfield>
    <subfield code="o">R 119 .H69 2021</subfield>
    <subfield code="p">A000063</subfield>
    <subfield code="r">2026-03-31 15:11:00</subfield>
    <subfield code="t">C.4</subfield>
    <subfield code="w">2026-03-31</subfield>
    <subfield code="y">BK</subfield>
  </datafield>
</record>
